REVIEW OF MEDICAL PHYSIOLOGY (Record no. 2816)

MARC details
000 -LEADER
fixed length control field 00368nam a2200145Ia 4500
008 - FIXED-LENGTH DATA ELEMENTS--GENERAL INFORMATION
fixed length control field 150201s2003 xx 000 0 und d
082 ## - DEWEY DECIMAL CLASSIFICATION NUMBER
Classification number 612
Item number R2003G
100 ## - MAIN ENTRY--PERSONAL NAME
Personal name GANONG,WILLIAM.F.
245 ## - TITLE STATEMENT
Title REVIEW OF MEDICAL PHYSIOLOGY
250 ## - EDITION STATEMENT
Edition statement 21ST
260 ## - PUBLICATION, DISTRIBUTION, ETC. (IMPRINT)
Name of publisher, distributor, etc. Mc-GRAW-HILL L PUBLISHING
Place of publication, distribution, etc. NEW YORK
Date of publication, distribution, etc. 2003
300 ## - PHYSICAL DESCRIPTION
Extent 1-912
650 ## - SUBJECT ADDED ENTRY--TOPICAL TERM
Topical term or geographic name as entry element PHYSIOLOGY
942 ## - ADDED ENTRY ELEMENTS (KOHA)
Source of classification or shelving scheme Dewey Decimal Classification
Koha item type Books
Koha issues (borrowed), all copies 1
Holdings
Withdrawn status Lost status Source of classification or shelving scheme Damaged status Not for loan Home library Current library Date acquired Source of acquisition Cost, normal purchase price Serial Enumeration / chronology SGTU Bill Number Total Checkouts Full call number Barcode Date last seen Bill Date Koha item type Date last checked out
    Dewey Decimal Classification     SGT Dental Library SGT Dental Library 08/09/2003 U.B.S.DELHI 600.00 1 SGTU 555   612 R2003G FD1353 09/02/2015 25/02/2012 Books  
    Dewey Decimal Classification     SGT Dental Library SGT Dental Library 08/09/2003 U.B.S.DELHI 600.00 1 SGTU 555 4 612 R2003G FD1354 09/02/2016 25/02/2012 Books 23/12/2015
    Dewey Decimal Classification     SGT Dental Library SGT Dental Library 08/09/2003 U.B.S.DELHI 600.00 1 SGTU 555   612 R2003G FD1355 12/01/2016 25/02/2012 Books  
    Dewey Decimal Classification     SGT Dental Library SGT Dental Library 08/09/2003 U.B.S.DELHI 600.00 1 SGTU 555   612 R2003G FD1356 13/06/2017 25/02/2012 Books  
    Dewey Decimal Classification     SGT Dental Library SGT Dental Library 08/09/2003 U.B.S.DELHI 600.00 1 SGTU 555   612 R2003G FD1357 11/04/2019 25/02/2012 Books  
    Dewey Decimal Classification     SGT Dental Library SGT Dental Library 08/09/2003 U.B.S.DELHI 600.00 1 SGTU 555 1 612 R2003G FD1358 07/03/2018 25/02/2012 Books 10/04/2015